01018 a2200241 4500003000500000005001700005010001600022020002800038040000900066082001800075100003400093245008100127260003600208300003800244505010800282650002800390650003800418856008800456856007400544942001200618999001900630952012700649Nust20221117164318.0 a 99046111 a0471359963 (alk. paper) cNust00a621.31934,GIL1 aGilbertson, Oswald I.910295710aElectrical cables for power and signal transmission /cOswald I. Gilbertson. aNew York :bJohn Wiley,cc2000. ax, 353 p. :bill., maps ;c25 cm. aPower Cables And Power Transmission (Page-1), Submarine Cables (Page-211), Shipboard Cables (Page-284). 0aElectric cables.941477 0aTelecommunication cables.9102958423Publisher descriptionuhttp://www.loc.gov/catdir/description/wiley033/99046111.html423Table of Contentsuhttp://www.loc.gov/catdir/toc/onix05/99046111.html 2ddccBK c180137d180137 00102ddc4070aMCSbMCScGENd2016-12-12o621.31934,GILpMCS31184r2016-12-08w2016-12-12yBKzAlmirah No.30, Shelf No.2